000 00264nam a22001217a 4500
008 181107b xxu||||| |||| 00| 0 eng d
041 _aeng
080 _a159.9
100 _a49
101 _aPSI
245 _aFrom Paralysis to Fatigue
_cShorter
942 _2udc
_cBK
999 _c52224
_d52224